[Event "Montcalm 5 2024-25"]
[Site "Quebec CAN"]
[Date "2025.03.20"]
[Round "5"]
[White "Sarra-Bournet, Marc"]
[Black "Mungroo, Dharmein"]
[Result "1-0"]
[WhiteElo "1766"]
[BlackElo "1492"]
[WhiteFideId "-1"]
[WhiteFideId "-1"]
[PlyCount "115"]
[GameId "2158190158260483"]
[EventDate "2025.02.20"]
[EventType "swiss"]
[EventRounds "5"]
[EventCountry "CAN"]

1. e4 d5 2. exd5 Qxd5 3. Nc3 Qa5 4. d4 c6 5. Bd2 Qc7 6. Nf3 Bg4 7. Be2 Bxf3 8. Bxf3 Nf6 9. O-O e6 10. Re1 Bd6 11. h3 Nbd7 12. Qe2 O-O 13. Rad1 Rfe8 14. Bc1 Nf8 15. Bg5 Be7 16. Rd3 Qa5 17. Bxf6 Bxf6 18. Ne4 Be7 19. a3 Ng6 20. g3 Rad8 21. b4 Qb5 22. Qd2 Kf8 23. Rc1 Qf5 24. c4 Qxh3 25. Qe2 e5 26. Bg4 Qh6 27. Rcd1 exd4 28. Kg2 Ne5 29. Rxd4 Nxg4 30. Qxg4 Rxd4 31. Rxd4 Qg6 32. Qxg6 hxg6 33. c5 Bf6 34. Nxf6 gxf6 35. Rd7 Re7 36. Rd8+ Kg7 37. Kf3 f5 38. Ra8 a6 39. Rd8 Kf6 40. Rd6+ Ke5 41. Rd3 g5 42. Rd6 g4+ 43. Kg2 Ke4 44. Rf6 Kd4 45. Rxf5 Kc3 46. Rf4 Kb3 47. Rxg4 Kxa3 48. Rd4 f5 49. Kf3 Re4 50. Rxe4 fxe4+ 51. Kxe4 Kxb4 52. g4 a5 53. g5 a4 54. Kd3 Kb3 55. g6 a3 56. g7 a2 57. g8=Q+ Kb2 58. Qg7+ 1-0

[Event "Montcalm 5 2024-25"]
[Site "Quebec CAN"]
[Date "2025.03.20"]
[Round "5"]
[White "Sauve, Richard"]
[Black "Pregent, Daniel"]
[Result "1/2-1/2"]
[WhiteElo "1851"]
[BlackElo "1686"]
[WhiteFideId "-1"]
[WhiteFideId "-1"]
[PlyCount "95"]
[GameId "2158190158256386"]
[EventDate "2025.02.20"]
[EventType "swiss"]
[EventRounds "5"]
[EventCountry "CAN"]

1. d4 Nf6 2. c4 e6 3. Nf3 d5 4. Nc3 c6 5. e3 Bd6 6. Bd3 O-O 7. O-O Nbd7 8. e4 e5 9. cxd5 exd4 10. Nxd4 Ne5 11. Bg5 Nxd3 12. Bxf6 Nxb2 13. Bxd8 Nxd1 14. Rfxd1 Rxd8 15. dxc6 Be5 16. Nde2 Rxd1+ 17. Rxd1 Kf8 18. Rd8+ Ke7 19. cxb7 Bxb7 20. Rxa8 Bxa8 21. f4 Bb8 22. Kf2 a6 23. Ke3 Kd6 24. g3 Kc5 25. e5 Kc4 26. Kd2 Bc6 27. Nc1 Bc7 28. Nb3 a5 29. Kc2 a4 30. Nc1 Bb6 31. N1e2 Bc5 32. Kd2 a3 33. Kc2 Bf3 34. Nc1 Bb4 35. N3e2 Be4+ 36. Kd1 Bb1 37. g4 Kd5 38. Ng3 Bc3 39. Nh5 Ke4 40. Nxg7 Bb2 41. e6 fxe6 42. Nxe6 Bxc1 43. Kxc1 Bxa2 44. Ng5+ Kxf4 45. Nxh7 Kxg4 46. Nf6+ Kh3 47. Ne4 Kxh2 48. Nc3 1/2-1/2

[Event "Montcalm 5 2024-25"]
[Site "Quebec CAN"]
[Date "2025.03.20"]
[Round "5"]
[White "Thibeault Page, Etienne"]
[Black "Auger, Bertrand"]
[Result "0-1"]
[WhiteElo "1251"]
[BlackElo "1834"]
[WhiteFideId "-1"]
[WhiteFideId "-1"]
[PlyCount "64"]
[GameId "2158190158260484"]
[EventDate "2025.02.20"]
[EventType "swiss"]
[EventRounds "5"]
[EventCountry "CAN"]

1. e4 e6 2. d4 d5 3. e5 b6 4. Nf3 Ne7 5. g3 Nf5 6. Bg2 Ba6 7. Nc3 Bb4 8. Bd2 Bxc3 9. Bxc3 Nd7 10. a3 O-O 11. Qd2 c5 12. O-O-O Qe7 13. Qf4 Rfc8 14. h4 Be2 15. Rd2 Bxf3 16. Bxf3 a5 17. Bg4 Nh6 18. Rdd1 Nxg4 19. Qxg4 c4 20. f4 b5 21. Qf3 b4 22. Bd2 c3 23. Be1 bxa3 24. Bxc3 a4 25. Kd2 Nb6 26. b3 a2 27. Bb2 axb3 28. Qxb3 Nc4+ 29. Ke2 Rcb8 30. Qxb8+ Rxb8 31. Bc3 Qa3 32. Be1 Qe3+ 0-1

[Event "Montcalm 5 2024-25"]
[Site "Quebec CAN"]
[Date "2025.03.20"]
[Round "5"]
[White "Yergeau, Samuel"]
[Black "Tremblay, Noah"]
[Result "0-1"]
[WhiteElo "1246"]
[BlackElo "1581"]
[WhiteFideId "-1"]
[WhiteFideId "-1"]
[PlyCount "52"]
[GameId "2158190158260485"]
[EventDate "2025.02.20"]
[EventType "swiss"]
[EventRounds "5"]
[EventCountry "CAN"]

1. e4 e5 2. Nf3 Nc6 3. Bc4 Nf6 4. Ng5 d5 5. exd5 Na5 6. Bb5+ Bd7 7. Qe2 Be7 8. Bxd7+ Qxd7 9. d3 Nxd5 10. Qxe5 f6 11. Qe2 fxg5 12. Bxg5 O-O-O 13. Bxe7 Rde8 14. Nd2 Rxe7 15. Ne4 Nf4 16. Qf3 Rf8 17. O-O-O Nc6 18. c3 Ne5 19. Nc5 Nfxd3+ 20. Rxd3 Rxf3 21. Rxd7 Nxd7 22. Nxd7 Rf5 23. g4 Rd5 24. Nf8 g6 25. Rd1 Rxd1+ 26. Kxd1 Kd8 0-1

[Event "Montcalm 6 2024-25"]
[Site "Quebec CAN"]
[Date "2025.03.27"]
[Round "1"]
[White "Bergeron, Nicolas"]
[Black "Simard, Rejean"]
[Result "1-0"]
[WhiteElo "1676"]
[BlackElo "999"]
[WhiteFideId "-1"]
[WhiteFideId "-1"]
[PlyCount "79"]
[GameId "2162699947507382"]
[EventDate "2025.03.27"]
[EventType "swiss"]
[EventRounds "5"]
[EventCountry "CAN"]

1. d4 e6 2. c4 Nf6 3. g3 Be7 4. Bg2 O-O 5. e4 d6 6. Nc3 c6 7. Nge2 Na6 8. O-O Nc7 9. a3 h6 10. Qc2 d5 11. e5 Nh7 12. cxd5 cxd5 13. Nf4 Rb8 14. b4 b6 15. Be3 Bb7 16. Rfb1 Qd7 17. Nce2 Ne8 18. a4 f6 19. Ng6 Rf7 20. Nef4 fxe5 21. Nxe5 Qc8 22. Qxc8 Rxc8 23. Nxf7 Kxf7 24. Bh3 Ng5 25. Bg4 Nf6 26. Be2 Nge4 27. Bf1 Nd7 28. Nd3 Bf6 29. f4 g5 30. Rc1 Rc4 31. Rxc4 dxc4 32. Ne5+ Bxe5 33. dxe5 Kg6 34. Bxc4 Kf5 35. g4+ Kxg4 36. Bxe6+ Kf3 37. Bxd7 Kxe3 38. f5 Kf4 39. e6 Kxf5 40. e7+ 1-0

[Event "Montcalm 6 2024-25"]
[Site "Quebec CAN"]
[Date "2025.03.27"]
[Round "1"]
[White "Berube, Antoine"]
[Black "Tremblay, Noah"]
[Result "1-0"]
[WhiteElo "2158"]
[BlackElo "1646"]
[WhiteFideId "-1"]
[WhiteFideId "-1"]
[PlyCount "69"]
[GameId "2162699947450023"]
[EventDate "2025.03.27"]
[EventType "swiss"]
[EventRounds "5"]
[EventCountry "CAN"]

1. d4 Nf6 2. c4 e6 3. Nf3 d5 4. g3 Be7 5. Bg2 O-O 6. O-O dxc4 7. Qc2 c5 8. dxc5 Qa5 9. Qxc4 Qxc5 10. Nbd2 Nc6 11. b3 Rd8 12. Bb2 e5 13. Rfd1 Bf5 14. Qxc5 Bxc5 15. Rac1 Bd4 16. Nxd4 Nxd4 17. Bxd4 Rxd4 18. Nc4 Rxd1+ 19. Rxd1 e4 20. Rd4 Bg6 21. h3 Kf8 22. e3 b6 23. g4 h6 24. Kh2 Bh7 25. Kg3 g5 26. a4 Ke7 27. Bf1 h5 28. Ne5 hxg4 29. hxg4 Rc8 30. Bb5 Ke6 31. Nc6 Ne8 32. Nxa7 Rc7 33. Bc4+ Ke7 34. Nb5 Rc8 35. Nc3 1-0

[Event "Montcalm 6 2024-25"]
[Site "Quebec CAN"]
[Date "2025.03.27"]
[Round "1"]
[White "Boissinot, Claude"]
[Black "Auger, Bertrand"]
[Result "0-1"]
[WhiteElo "1431"]
[BlackElo "1835"]
[WhiteFideId "-1"]
[WhiteFideId "-1"]
[PlyCount "80"]
[GameId "2162699947450030"]
[EventDate "2025.03.27"]
[EventType "swiss"]
[EventRounds "5"]
[EventCountry "CAN"]

1. e4 e6 2. d4 d5 3. Nc3 Bb4 4. Nge2 Nf6 5. e5 Ne4 6. a3 Nxc3 7. bxc3 Ba5 8. Bb2 c5 9. Ng3 Bd7 10. Qg4 g6 11. Rd1 Nc6 12. Bb5 Nxe5 13. Bxd7+ Nxd7 14. Rd3 h5 15. Qf4 g5 16. Qf3 g4 17. Qe3 c4 18. Rd2 Bc7 19. Ne2 Qf6 20. h3 O-O-O 21. g3 h4 22. hxg4 hxg3 23. Rg1 g2 24. Rd1 Rh2 25. Kd2 Rdh8 26. Kc1 R8h3 27. Qd2 Rf3 28. Kb1 Rxf2 29. Qe3 Rf3 30. Qd2 Qg6 31. g5 Qe4 32. Rde1 Qg4 33. Qc1 Nf8 34. Qd2 Ng6 35. Bc1 Rf2 36. Qe3 Qh4 37. Qd2 Rh3 38. Kb2 Rhf3 39. Kb1 Nf4 40. Qd1 Nh3 0-1

[Event "Montcalm 6 2024-25"]
[Site "Quebec CAN"]
[Date "2025.03.27"]
[Round "1"]
[White "Bourassa, Samuel"]
[Black "Bourassa, Louis"]
[Result "1-0"]
[WhiteElo "1952"]
[BlackElo "1540"]
[WhiteFideId "-1"]
[WhiteFideId "-1"]
[PlyCount "91"]
[GameId "2162699947450025"]
[EventDate "2025.03.27"]
[EventType "swiss"]
[EventRounds "5"]
[EventCountry "CAN"]

1. e4 c5 2. Nc3 g6 3. g3 Bg7 4. Bg2 Nc6 5. Nh3 Nf6 6. O-O O-O 7. Ne2 d5 8. exd5 Nxd5 9. d3 Bg4 10. f3 Be6 11. g4 Qd7 12. Ng5 Rac8 13. Ng3 f5 14. Nxe6 Qxe6 15. Re1 Bd4+ 16. Kh1 Qf6 17. f4 Qd6 18. c3 Bg7 19. gxf5 gxf5 20. Qf3 Rcd8 21. Be3 e5 22. Nh5 Nxf4 23. Bxf4 exf4 24. Rad1 Bh6 25. Rf1 Ne5 26. Qxb7 Rd7 27. Qb3+ Kh8 28. d4 f3 29. Bxf3 Nxf3 30. Rxf3 Rb8 31. Qc2 f4 32. Qf2 Rf8 33. d5 Qe5 34. Ng3 Rxd5 35. Re1 Qc7 36. Ne4 Rdf5 37. Rh3 Bg5 38. Rg1 Qb7 39. Qf3 Bd8 40. b3 Re8 41. Nd6 Qxf3+ 42. Rxf3 Ref8 43. Nxf5 Rxf5 44. Rd1 Rf8 45. Rd7 Bb6 46. Rh3 1-0

[Event "Montcalm 6 2024-25"]
[Site "Quebec CAN"]
[Date "2025.03.27"]
[Round "1"]
[White "Duguay-Piron, Simon"]
[Black "Michaud, Jacques"]
[Result "1-0"]
[WhiteElo "1897"]
[BlackElo "1488"]
[WhiteFideId "-1"]
[WhiteFideId "-1"]
[PlyCount "97"]
[GameId "2162699947450027"]
[EventDate "2025.03.27"]
[EventType "swiss"]
[EventRounds "5"]
[EventCountry "CAN"]

1. e4 c5 2. Nf3 d6 3. d4 cxd4 4. Nxd4 Nf6 5. Nc3 e6 6. g4 h6 7. Rg1 Nc6 8. Be3 Bd7 9. h4 Nxd4 10. Bxd4 Bc6 11. Bd3 e5 12. Be3 d5 13. exd5 Nxd5 14. Nxd5 Qxd5 15. Qe2 Qf3 16. Qf1 O-O-O 17. Rg3 Qd5 18. Bc4 Qa5+ 19. c3 Bd6 20. O-O-O e4 21. Rg1 Be5 22. Bb3 Bxc3 23. bxc3 Qxc3+ 24. Kb1 Bb5 25. Rc1 Bd3+ 26. Qxd3 Rxd3 27. Rxc3+ Rxc3 28. Bxa7 Kc7 29. Bd4 Rd3 30. Bxg7 Rhd8 31. Bxh6 Rf3 32. Be3 f5 33. gxf5 Rxf5 34. Bc2 Rb5+ 35. Kc1 Rbd5 36. Bxe4 Ra5 37. Rg7+ Kb8 38. Rxb7+ Kc8 39. Rb2 Rh8 40. Bg5 Rg8 41. f4 Re8 42. Bd3 Re1+ 43. Kd2 Rg1 44. Bb5 Kc7 45. a4 Rg2+ 46. Kc3 Rg3+ 47. Kb4 Ra8 48. a5 Re3 49. f5 1-0

[Event "Montcalm 6 2024-25"]
[Site "Quebec CAN"]
[Date "2025.03.27"]
[Round "1"]
[White "Dumont, Eric"]
[Black "Burigusa, Guillaume"]
[Result "1-0"]
[WhiteElo "1695"]
[BlackElo "1162"]
[WhiteFideId "-1"]
[WhiteFideId "-1"]
[PlyCount "39"]
[GameId "2162699947507381"]
[EventDate "2025.03.27"]
[EventType "swiss"]
[EventRounds "5"]
[EventCountry "CAN"]

1. d4 d5 2. Bf4 Nc6 3. e3 Nf6 4. Nd2 e6 5. Ngf3 h6 6. h3 Be7 7. c3 Bd6 8. Ne5 Bd7 9. Bd3 Qe7 10. O-O O-O-O 11. a4 Kb8 12. b4 a6 13. b5 axb5 14. axb5 Na7 15. Qa4 c6 16. Qxa7+ Kc8 17. b6 Nh5 18. Qa8+ Bb8 19. Qxb8+ Kxb8 20. Nxc6+ 1-0

[Event "Montcalm 6 2024-25"]
[Site "Quebec CAN"]
[Date "2025.03.27"]
[Round "1"]
[White "Fecteau, Martin"]
[Black "Thibeault Page, Etienne"]
[Result "1-0"]
[WhiteElo "1789"]
[BlackElo "1288"]
[WhiteFideId "-1"]
[WhiteFideId "-1"]
[PlyCount "56"]
[GameId "2162699947507379"]
[EventDate "2025.03.27"]
[EventType "swiss"]
[EventRounds "5"]
[EventCountry "CAN"]

1. e4 e5 2. Nf3 Nc6 3. Bc4 Nf6 4. d3 d5 5. exd5 Nxd5 6. c3 f6 7. O-O Be6 8. Bb3 Qd7 9. a4 a5 10. Na3 Bxa3 11. Rxa3 O-O 12. Bc2 Nce7 13. d4 Nf4 14. Bxf4 exf4 15. Re1 c6 16. Qc1 Qd6 17. Nd2 f5 18. Nf3 Ng6 19. Rxe6 Qxe6 20. Bb3 Qxb3 21. Rxb3 Rab8 22. c4 b6 23. Rd3 Rfd8 24. d5 b5 25. axb5 c5 26. Rd1 h6 27. Re1 a4 28. Qc2 Kh7 1-0

[Event "Montcalm 6 2024-25"]
[Site "Quebec CAN"]
[Date "2025.03.27"]
[Round "1"]
[White "Fleury, Dominic"]
[Black "Dube, Dominic"]
[Result "0-1"]
[WhiteElo "1325"]
[BlackElo "1807"]
[WhiteFideId "-1"]
[WhiteFideId "-1"]
[PlyCount "60"]
[GameId "2162699947507378"]
[EventDate "2025.03.27"]
[EventType "swiss"]
[EventRounds "5"]
[EventCountry "CAN"]

1. e4 c6 2. d4 d5 3. exd5 cxd5 4. Nf3 Bg4 5. Be2 Nc6 6. O-O e6 7. c3 Bd6 8. Nbd2 Nge7 9. Re1 Qc7 10. Nf1 Ng6 11. Ng5 Bxe2 12. Qxe2 O-O-O 13. Bd2 h6 14. Nxe6 fxe6 15. Qxe6+ Kb8 16. Qxg6 Rhf8 17. Re6 Rf7 18. Ne3 Bxh2+ 19. Kf1 Rdf8 20. f3 Ne7 21. Qh5 Bf4 22. Re1 g6 23. Qg4 h5 24. Qh3 Qd7 25. Kg1 Nf5 26. Nxd5 Bxd2 27. Qh2+ Kc8 28. Re8+ Rxe8 29. Rxe8+ Qxe8 30. Qc7+ Rxc7 0-1

[Event "Montcalm 6 2024-25"]
[Site "Quebec CAN"]
[Date "2025.03.27"]
[Round "1"]
[White "Fortin, Claude"]
[Black "Gaulin, Gaetan"]
[Result "0-1"]
[WhiteElo "1471"]
[BlackElo "1859"]
[WhiteFideId "-1"]
[WhiteFideId "-1"]
[PlyCount "88"]
[GameId "2162699947450028"]
[EventDate "2025.03.27"]
[EventType "swiss"]
[EventRounds "5"]
[EventCountry "CAN"]

1. e4 c6 2. d4 d5 3. e5 Bf5 4. Bd3 Bxd3 5. Qxd3 e6 6. Nf3 Ne7 7. O-O Nd7 8. Nbd2 Nf5 9. c3 Be7 10. Nb3 a5 11. Be3 a4 12. Nbd2 b5 13. a3 O-O 14. h3 Nb6 15. g4 Nxe3 16. fxe3 Nc4 17. Nxc4 bxc4 18. Qc2 h6 19. e4 Qb6 20. exd5 cxd5 21. Nd2 Rab8 22. Rab1 Qc6 23. Kg2 Rb7 24. Rf2 Rfb8 25. Kg3 Qe8 26. Re2 Rb6 27. h4 R8b7 28. h5 Qb8 29. Qxa4 Rxb2 30. Rxb2 Rxb2 31. Kf3 Ra2 32. Qd1 Rxa3 33. Nb1 Rb3 34. Re1 Bg5 35. Rf1 f6 36. Re1 fxe5 37. dxe5 Qf8+ 38. Kg2 Qf4 39. Qf3 Rb2+ 40. Re2 Qxf3+ 41. Kxf3 Rxb1 42. Ra2 Rb3 43. Ra8+ Kf7 44. Ra7+ Be7 0-1

[Event "Montcalm 6 2024-25"]
[Site "Quebec CAN"]
[Date "2025.03.27"]
[Round "1"]
[White "Gagne, Louis"]
[Black "Lapierre, Gaetan"]
[Result "0-1"]
[WhiteElo "1216"]
[BlackElo "1704"]
[WhiteFideId "-1"]
[WhiteFideId "-1"]
[PlyCount "80"]
[GameId "2162699947507380"]
[EventDate "2025.03.27"]
[EventType "swiss"]
[EventRounds "5"]
[EventCountry "CAN"]

1. d4 Nf6 2. Nf3 d5 3. e3 g6 4. Be2 Bg7 5. O-O O-O 6. c4 e6 7. Nc3 c6 8. b3 Ne4 9. Bb2 Nd7 10. Qc2 f5 11. Rac1 g5 12. cxd5 exd5 13. Nxe4 fxe4 14. Nd2 Nf6 15. f3 Bf5 16. fxe4 Nxe4 17. Nxe4 Bxe4 18. Qc3 Qe7 19. b4 Rxf1+ 20. Rxf1 Bf8 21. a3 a6 22. Qe1 Bg6 23. Qg3 Re8 24. Bc1 Bg7 25. Rf2 h5 26. h4 g4 27. Rf4 Bh6 28. Rf3 Kh7 29. Rf4 Bxf4 30. Qxf4 Qxh4 31. Bd3 Qe7 32. Bxg6+ Kxg6 33. e4 Rh8 34. e5 Rh7 35. Qe3 h4 36. Qd3+ Kg7 37. Kh2 g3+ 38. Kg1 Qf7 39. Qe3 Rh5 40. e6 Qf2+ 0-1

[Event "Montcalm 6 2024-25"]
[Site "Quebec CAN"]
[Date "2025.03.27"]
[Round "1"]
[White "Laflamme, Simon"]
[Black "Hasbun, Merick"]
[Result "1/2-1/2"]
[WhiteElo "1855"]
[BlackElo "1470"]
[WhiteFideId "-1"]
[WhiteFideId "-1"]
[PlyCount "88"]
[GameId "2162699947450029"]
[EventDate "2025.03.27"]
[EventType "swiss"]
[EventRounds "5"]
[EventCountry "CAN"]

1. d4 Nf6 2. c4 g6 3. Nc3 d5 4. cxd5 Nxd5 5. e4 Nxc3 6. bxc3 Bg7 7. Bg5 c5 8. Nf3 Bg4 9. Qa4+ Nc6 10. Rd1 Bxf3 11. gxf3 O-O 12. Bb5 cxd4 13. Bxc6 bxc6 14. cxd4 Qc7 15. Rc1 Qb6 16. Rxc6 Qxd4 17. Qxd4 Bxd4 18. Bxe7 Rfc8 19. Rxc8+ Rxc8 20. O-O Rc2 21. a3 Kg7 22. f4 Ra2 23. e5 Bb2 24. Bf6+ Kf8 25. Rd1 Ra1 26. Rxa1 Bxa1 27. Kf1 Bb2 28. a4 Ke8 29. Ke2 Bd4 30. f3 Kd7 31. Kd3 Bb6 32. Ke4 Kc6 33. Be7 Bc5 34. Bxc5 Kxc5 35. f5 Kc6 36. f6 Kd7 37. Kd5 g5 38. a5 h6 39. Kc5 Ke6 40. Kb5 Kxe5 41. Ka6 Kd6 42. Kxa7 Kc7 43. Ka6 Kc6 44. Ka7 Kc7 1/2-1/2

[Event "Montcalm 6 2024-25"]
[Site "Quebec CAN"]
[Date "2025.03.27"]
[Round "1"]
[White "Mercure, Gilbert"]
[Black "Yergeau, Samuel"]
[Result "1-0"]
[WhiteElo "1807"]
[BlackElo "1354"]
[WhiteFideId "-1"]
[WhiteFideId "-1"]
[PlyCount "41"]
[GameId "2162699947507377"]
[EventDate "2025.03.27"]
[EventType "swiss"]
[EventRounds "5"]
[EventCountry "CAN"]

1. e4 e5 2. Nf3 Nc6 3. Bc4 Bc5 4. b4 Bxb4 5. c3 Be7 6. d4 exd4 7. Qb3 Na5 8. Bxf7+ Kf8 9. Qa4 Nc6 10. Bxg8 Rxg8 11. O-O d5 12. e5 Bg4 13. Nbd2 dxc3 14. Qxg4 cxd2 15. Bxd2 Qc8 16. e6 Bf6 17. Rae1 Ke7 18. Qh5 g6 19. Qxd5 Re8 20. Qc5+ Kd8 21. Bg5 1-0

[Event "Montcalm 6 2024-25"]
[Site "Quebec CAN"]
[Date "2025.03.27"]
[Round "1"]
[White "Miskic, Zdenko"]
[Black "Plante, Rejean"]
[Result "0-1"]
[WhiteElo "1629"]
[BlackElo "1991"]
[WhiteFideId "-1"]
[WhiteFideId "-1"]
[PlyCount "46"]
[GameId "2162699947450024"]
[EventDate "2025.03.27"]
[EventType "swiss"]
[EventRounds "5"]
[EventCountry "CAN"]

1. e4 c5 2. Nf3 Nc6 3. d4 cxd4 4. Nxd4 Qb6 5. Nb5 a6 6. N5c3 e6 7. Be2 Nf6 8. O-O Be7 9. b3 Qc7 10. Bb2 b5 11. Bd3 Bb7 12. Nd2 O-O 13. Nf3 Rac8 14. a4 b4 15. Ne2 d5 16. exd5 Nxd5 17. Ned4 Nf4 18. Bc4 Rfd8 19. Qe1 Nxd4 20. Nxd4 Bxg2 21. Bxe6 Qb7 22. Bxc8 Rxc8 23. Qe5 Nh3# 0-1

[Event "Montcalm 6 2024-25"]
[Site "Quebec CAN"]
[Date "2025.03.27"]
[Round "1"]
[White "Mungroo, Dharmein"]
[Black "Barrera, Eduardo"]
[Result "0-1"]
[WhiteElo "1503"]
[BlackElo "1952"]
[WhiteFideId "-1"]
[WhiteFideId "-1"]
[PlyCount "110"]
[GameId "2162699947450026"]
[EventDate "2025.03.27"]
[EventType "swiss"]
[EventRounds "5"]
[EventCountry "CAN"]

1. f4 c5 2. Nf3 d6 3. e3 Nf6 4. b3 Nc6 5. Bb2 e6 6. Bb5 Bd7 7. O-O a6 8. Be2 Be7 9. c4 O-O 10. Nc3 Rb8 11. d4 cxd4 12. Nxd4 Qb6 13. Na4 Qc7 14. Qc2 Nxd4 15. exd4 Bxa4 16. bxa4 d5 17. c5 Ne4 18. Bd3 f5 19. Rf3 Rf6 20. Rh3 Qxf4 21. Rf1 Qc7 22. Bc1 Rbf8 23. Bf4 Qd7 24. Be5 Rg6 25. Bxe4 dxe4 26. a5 Bf6 27. Bd6 Bxd4+ 28. Kh1 Rc8 29. Rb3 e5 30. Rfb1 Rxd6 31. Rxb7 Qd8 32. Qc4+ Rd5 33. c6 Kf8 34. c7 Qd7 35. Rb8 Rc5 36. Rxc8+ Qxc8 37. Qxc5+ Bxc5 38. Rb8 Ke7 39. Rxc8 Kd7 40. Re8 Kxc7 41. Rxe5 Bd4 42. Rxf5 e3 43. Rf1 Kd6 44. g4 Bc3 45. Rd1+ Ke5 46. Rd8 Kf4 47. Rf8+ Kxg4 48. Kg2 e2 49. h3+ Kg5 50. Re8 e1=Q 51. Rxe1 Bxe1 52. Kf3 Bxa5 53. a4 Kh4 54. Kg2 Bc7 55. Kf3 Kxh3 0-1

[Event "Montcalm 6 2024-25"]
[Site "Quebec CAN"]
[Date "2025.03.27"]
[Round "1"]
[White "Pouliot, Lewis"]
[Black "Savard, Alexandre"]
[Result "0-1"]
[WhiteElo "1419"]
[BlackElo "1812"]
[WhiteFideId "-1"]
[WhiteFideId "-1"]
[PlyCount "70"]
[GameId "2162699947507376"]
[EventDate "2025.03.27"]
[EventType "swiss"]
[EventRounds "5"]
[EventCountry "CAN"]

1. c4 Nf6 2. Nc3 e6 3. e4 e5 4. a3 a5 5. Nf3 Nc6 6. d3 d6 7. Bg5 Be7 8. Bxf6 Bxf6 9. Be2 Nd4 10. Nd5 Nxe2 11. Nxf6+ Qxf6 12. Qxe2 Bg4 13. Qe3 O-O 14. O-O Bxf3 15. Qxf3 Qxf3 16. gxf3 f5 17. b4 Kf7 18. b5 Ke7 19. Rfc1 b6 20. f4 exf4 21. exf5 Rxf5 22. d4 g5 23. Re1+ Kd7 24. f3 h5 25. h3 Re8 26. Rxe8 Kxe8 27. Re1+ Kd7 28. a4 c5 29. bxc6+ Kxc6 30. Re7 d5 31. Re6+ Kc7 32. c5 bxc5 33. Re5 Rxe5 34. dxe5 Kd7 35. Kf2 Ke6 0-1

[Event "Montcalm 6 2024-25"]
[Site "Quebec CAN"]
[Date "2025.03.27"]
[Round "1"]
[White "Sauve, Richard"]
[Black "Oliver, Vance"]
[Result "1-0"]
[WhiteElo "1832"]
[BlackElo "1430"]
[WhiteFideId "-1"]
[WhiteFideId "-1"]
[PlyCount "73"]
[GameId "2162699947450031"]
[EventDate "2025.03.27"]
[EventType "swiss"]
[EventRounds "5"]
[EventCountry "CAN"]

1. d4 Nf6 2. c4 g6 3. Nc3 Bg7 4. e4 d6 5. f3 O-O 6. Be3 Nc6 7. Qd2 a6 8. h4 h5 9. Nge2 Rb8 10. Nc1 e5 11. d5 Nd4 12. Nb3 c5 13. dxc6 bxc6 14. Nxd4 exd4 15. Bxd4 Re8 16. Kf2 Qa5 17. Be2 Be6 18. Rac1 d5 19. cxd5 cxd5 20. e5 Nd7 21. f4 f6 22. exf6 Nxf6 23. Bf3 Rb4 24. Be5 Qb6+ 25. Kg3 Ne4+ 26. Bxe4 dxe4 27. Nd5 Bxd5 28. Qxd5+ Qe6 29. Qxe6+ Rxe6 30. Rc8+ Bf8 31. Rd1 Rb7 32. Rdd8 Rf7 33. Bd6 Ref6 34. Rxf8+ Rxf8 35. Rxf8+ Rxf8 36. Bxf8 Kxf8 37. Kf2 1-0

[Event "Montcalm 6 2024-25"]
[Site "Quebec CAN"]
[Date "2025.04.03"]
[Round "2"]
[White "Auger, Bertrand"]
[Black "Dumont, Eric"]
[Result "1-0"]
[WhiteElo "1835"]
[BlackElo "1695"]
[WhiteFideId "-1"]
[WhiteFideId "-1"]
[PlyCount "107"]
[GameId "2163250638119318"]
[EventDate "2025.03.27"]
[EventType "swiss"]
[EventRounds "5"]
[EventCountry "CAN"]

1. Nf3 d5 2. g3 Nf6 3. Bg2 Bf5 4. b3 e6 5. Bb2 h6 6. O-O Be7 7. d3 O-O 8. c4 c6 9. Nbd2 Nbd7 10. Qc2 Rc8 11. a3 a5 12. Bc3 b5 13. e4 Bh7 14. b4 dxc4 15. dxc4 bxc4 16. Qb2 Nb6 17. a4 axb4 18. Bxb4 Bxb4 19. Qxb4 c3 20. Qxc3 Nxe4 21. Nxe4 Bxe4 22. Rfd1 Qc7 23. a5 Nd5 24. Qc5 Rb8 25. Rdc1 Nb4 26. Qe3 Bd5 27. Bf1 Bxf3 28. Qxf3 Qe5 29. Re1 Qc5 30. Rec1 Qe5 31. Re1 Qc5 32. Rec1 Qe5 33. Qc3 Qd6 34. a6 Ra8 35. a7 Rfd8 36. Ra4 c5 37. Qxc5 Qxc5 38. Rxc5 Nd5 39. Bb5 Nb6 40. Ra6 Nc8 41. Rc7 Nxa7 42. Raxa7 Rxa7 43. Rxa7 g5 44. Be2 Kg7 45. Bh5 Rf8 46. Kg2 Kf6 47. Kf3 Kg7 48. Ke4 Kf6 49. g4 Kg7 50. Ke5 Kg8 51. Kf6 e5 52. Bxf7+ Kh8 53. Kg6 e4 54. Be6 1-0

[Event "Montcalm 6 2024-25"]
[Site "Quebec CAN"]
[Date "2025.04.03"]
[Round "2"]
[White "Bergeron, Nicolas"]
[Black "Sauve, Richard"]
[Result "0-1"]
[WhiteElo "1676"]
[BlackElo "1832"]
[WhiteFideId "-1"]
[WhiteFideId "-1"]
[PlyCount "48"]
[GameId "2163250638119319"]
[EventDate "2025.03.27"]
[EventType "swiss"]
[EventRounds "5"]
[EventCountry "CAN"]

1. d4 d5 2. c4 e6 3. Nc3 Nf6 4. cxd5 exd5 5. Bg5 Be7 6. e3 O-O 7. Bd3 c6 8. Qc2 h6 9. Bh4 Nbd7 10. Nge2 Re8 11. O-O Ne4 12. Bxe7 Qxe7 13. Rab1 Ndf6 14. b4 Bf5 15. Rfc1 Nxf2 16. Bxf5 Qxe3 17. Kf1 N2g4 18. Bxg4 Nxg4 19. Qf5 Nxh2+ 20. Ke1 Qg1+ 21. Kd2 Qxg2 22. b5 Nf3+ 23. Kd1 Qf1+ 24. Kc2 Ne1+ 0-1

[Event "Montcalm 6 2024-25"]
[Site "Quebec CAN"]
[Date "2025.04.03"]
[Round "2"]
[White "Bourassa, Louis"]
[Black "Pouliot, Lewis"]
[Result "1-0"]
[WhiteElo "1540"]
[BlackElo "1419"]
[WhiteFideId "-1"]
[WhiteFideId "-1"]
[PlyCount "69"]
[GameId "2163250638119322"]
[EventDate "2025.03.27"]
[EventType "swiss"]
[EventRounds "5"]
[EventCountry "CAN"]

1. Nf3 Nf6 2. g3 b5 3. Bg2 Bb7 4. O-O d5 5. d4 e6 6. b3 Be7 7. c4 c6 8. Bb2 O-O 9. Nbd2 a6 10. Qc2 Nbd7 11. e4 Rc8 12. e5 Ne8 13. c5 f6 14. exf6 Bxf6 15. Bh3 Nc7 16. Rfe1 Re8 17. Re2 Qe7 18. Rae1 Qf7 19. Nf1 Re7 20. Bc1 Rce8 21. Bf4 Qh5 22. Bg2 Nf8 23. Bd6 Rf7 24. Qd2 Be7 25. Bxc7 Rxf3 26. Bf4 Ng6 27. Bxf3 Qxf3 28. Rxe6 Bc8 29. R6e3 Qg4 30. Bd6 Qg5 31. Qe2 Bg4 32. f3 Bf5 33. Bxe7 Nf4 34. Bxg5 Nxe2+ 35. R3xe2 1-0

[Event "Montcalm 6 2024-25"]
[Site "Quebec CAN"]
[Date "2025.04.03"]
[Round "2"]
[White "Burigusa, Guillaume"]
[Black "Fortin, Claude"]
[Result "1/2-1/2"]
[WhiteElo "1162"]
[BlackElo "1471"]
[WhiteFideId "-1"]
[WhiteFideId "-1"]
[PlyCount "122"]
[GameId "2163250638119325"]
[EventDate "2025.03.27"]
[EventType "swiss"]
[EventRounds "5"]
[EventCountry "CAN"]

1. e4 c5 2. Nf3 Nc6 3. c3 e5 4. Bb5 d6 5. Bxc6+ bxc6 6. h3 Nf6 7. O-O Be7 8. d4 cxd4 9. cxd4 exd4 10. Qxd4 O-O 11. Re1 Qb6 12. b3 Qxd4 13. Nxd4 Bd7 14. Bf4 d5 15. exd5 Nxd5 16. Be5 f6 17. Bg3 Rfe8 18. Nd2 Bb4 19. N4f3 Kf7 20. a3 Rxe1+ 21. Rxe1 Bxa3 22. Nc4 Bb4 23. Re2 Re8 24. Rxe8 Kxe8 25. Nd6+ Ke7 26. Nc4 Be6 27. Nd4 Bd7 28. Nc2 Bc3 29. Bd6+ Ke6 30. Bc5 a5 31. Nd4+ Kf7 32. Kf1 f5 33. Ne2 Bb4 34. Bxb4 axb4 35. Ne5+ Ke7 36. Nxd7 Kxd7 37. Nd4 g6 38. Ke2 c5 39. Kd3 Nb6 40. Nf3 Kd6 41. Ng5 h6 42. Nf7+ Kd5 43. Nxh6 c4+ 44. bxc4+ Nxc4 45. Nf7 Nb2+ 46. Kc2 Nc4 47. Nh8 g5 48. g3 Ke4 49. Nf7 Kf3 50. Nxg5+ Kxf2 51. h4 Kxg3 52. h5 Ne3+ 53. Kb3 Ng4 54. Nf7 f4 55. h6 Nf6 56. Kxb4 f3 57. Ng5 f2 58. Ne4+ Nxe4 59. h7 f1=Q 60. h8=Q Qe1+ 61. Kc4 Qc3+ 1/2-1/2